Pokémon- De quel Type est cette Capacité ? - Statistiques

Statistiques générales
  • Ce quiz a été pris 39 fois
    25 depuis la dernière actualisation
  • Le résultat moyen est 30 sur 30
Statistiques - réponses
Capacité Type de quiz % Correct
Aurasphère Combat
100%
Frappe Atlas Combat
100%
Vampi-Poing Combat
100%
Colère Dragon
100%
Ouragan Dragon
100%
Poing Eclair Electrik
100%
Câlinerie Fée
100%
Regard Touchant Fée
100%
Plaie Croix Insecte
100%
Rayon Signal Insecte
100%
Blabla Dodo Normal
100%
Groz'Yeux Normal
100%
Métronome Normal
100%
Soin Normal
100%
Triplattaque Normal
100%
Cradovague Poison
100%
Dévorêve Psy
100%
Repos Psy
100%
Voile Miroir Psy
100%
Rayon Gemme Roche
100%
Etonnement Spectre
100%
Léchouille Spectre
100%
Feinte Ténèbres
100%
Morsure Ténèbres
100%
Poursuite Ténèbres
100%
Acrobatie Vol
100%
Rebond Vol
100%
Spore Coton Plante
95%
Tacle Lourd Acier
89%
Brume Glace
89%
Aucun quiz correspondant
Distribution des résultats
% des personnes avec chaque résultat
Percentile par nombre de réponses
Votre historique - résultats
Vous n’avez pas pris ce quiz depuis la dernière actualisation